| 000 | 00755cam a2200265 4500 | ||
|---|---|---|---|
| 001 | J2951 | ||
| 008 | 090401t xxu||||| |||| 00| 0 eng d | ||
| 035 | _a(Sirsi) u52169 | ||
| 041 | _aeng | ||
| 050 | _a711.5520212 | ||
| 110 |
_aRichard Saunders and Partners _91991 |
||
| 245 | _aCity floorspace survey. - January - December 1995 | ||
| 260 |
_aLondon _bRichard Saunders and Partners _c1995-96 |
||
| 300 | _a12 pt. in one vol. ; 30cm. | ||
| 350 | _a0 | ||
| 520 | _aFrom September 1995 edition firm called Ingleby Trice. | ||
| 650 | _aCITY OF LONDON | ||
| 650 | _aFLOORSPACE STATISTICS | ||
| 650 | _aLONDON | ||
| 650 | _aOFFICES | ||
| 690 | _aPROPERTY-COMMERCIAL PROPERTY | ||
| 710 |
_aIngleby Trice _9675 |
||
| 942 | _n0 | ||
| 948 | _c04/03/1997 | ||
| 999 |
_c92997 _d92997 |
||